000 00701nam a2200241Ia 4500
008 160621s9999 xx 000 0 und d
020 _a0-07-131340-7
050 _aComSc T 58.6
050 _b.H33 2010
100 _aHaag, Stephen.
245 _aManagement information systems for the information age /
245 _cStephen Haag, Maeve Cummings.
250 _a8th Edition
260 _aSingapore :
260 _bMcGraw-Hill Education (Asia),
260 _c2010
300 _a555 pages :
300 _billustrations ;
300 _c26 cm.
500 _aInclude bibliographical references and index.
650 _aManagement information systems.
650 _xInformation technology.
999 _c296151
_d296151